Measles virus and its biology /

Bibliographic Details
Main Author: Fraser, Kenneth Boyd
Other Authors: Martin, S. J. (Samuel John), 1936-
Format: Book
Language:English
Published: London ; New York : Academic Press, 1978.
Series:Experimental virology.
Subjects:

MARC

Tag First Indicator Second Indicator Subfields
LEADER 00000cam a2200000 i 4500
001 in00000060264
005 20151008051618.0
008 780808s1978 enka b 00110 eng
010 |a  77074369  
015 |a GB*** 
020 |a 0122653505 
035 |a (OCoLC)03956550 
035 |9 AAG8959AM 
040 |a DLC  |c DLC  |d NEH  |d TXA  |d UtOrBLW 
049 |a TXAM [Also in] [Med Sci] [QW] [168.5] [P2] [F841m] [1978]  |c 1 [1165928] 
050 0 0 |a QR201.M43  |b F73 
060 0 |a QW 168.5 P2 F841m 1978 
082 0 |a 616.9/15/0194 
100 1 |a Fraser, Kenneth Boyd. 
245 1 0 |a Measles virus and its biology /  |c K. B. Fraser and S. J. Martin. 
264 1 |a London ;  |a New York :  |b Academic Press,  |c 1978. 
300 |a 249 pages :  |b illustrations ;  |c 24 cm. 
336 |a text  |b txt  |2 rdacontent 
337 |a unmediated  |b n  |2 rdamedia 
338 |a volume  |b nc  |2 rdacarrier 
490 1 |a Experimental virology 
500 |a Includes index. 
504 |a Bibliography: pages [205]-239. 
650 0 |a Measles virus. 
650 2 |a Measles virus. 
700 1 |a Martin, S. J.  |q (Samuel John),  |d 1936- 
830 0 |a Experimental virology. 
999 |a MARS 
999 f f |s 8c24c96b-ad5e-3e5f-9b2c-253a79e2fc56  |i 338172a2-ce8e-3805-8952-c246953b45fc  |t 0 
952 f f |p normal  |a Texas A&M University  |b College Station  |c Sterling C. Evans Library  |d Evans: Library Stacks  |t 0  |e QR201.M43 F73  |h Library of Congress classification  |i unmediated -- volume  |m A14805043848 
998 f f |a QR201.M43 F73  |t 0  |l Evans: Library Stacks